00671 2200265 4500001002100000005001500021035002000036007000300056008004100059020002200100082001000122084001600132100001600148245004900164250001000213260003300223300003600256650002000292700002000312504002900332990001100361990001100372990001100383990001100394INLIS00000000000564920200630091938 a0010-0420000043ta200630 g 0 ind  a978-602-9227-16-1 a789.2 a789.2 ADE s0 aADE, Husnul1 aSeni Karawitan /cAde Husnul, Nurul Hadiyati acet.3 aJakarta :bWadah Ilmu,c2011 avi, 104 hlm. :bilus. ;c25 cm. 4aMUSIK JAWA.ALAT0 aNURUL, Hadiyati aBibliografi :hlm.103-104 a7394 a a7394 b a7394 c a7394 d